| 000 | 00795nam a2200217 i 4500 | ||
|---|---|---|---|
| 001 | 61504 | ||
| 003 | ES-MaACL | ||
| 005 | 20230906164454.0 | ||
| 007 | t| | ||
| 008 | 031112s1972 sp ||||1| spa d | ||
| 100 | 1 |
_aFabre, Nicole. _948540 |
|
| 245 | 1 | 3 |
_aLa educación familiar y sus problemas _b: análisis psicológicos : orientaciones pedagógicas / _cNicole Fabre ; prefacio de Roger Mucchiellé ; [traducción por José María Bernáldez y Romero]. |
| 260 |
_aMadrid : _bFax, _c[1972] |
||
| 300 |
_a206 p. ; _c18 cm. |
||
| 490 | 1 |
_aBiblioteca del educador ; _v4 |
|
| 700 | 1 |
_aMucchiellé, Roger. _984011 |
|
| 700 | 1 |
_aBernáldez y Romero, José María. _928212 |
|
| 830 | 0 |
_aBiblioteca del educador ; _v4 _9181635 |
|
| 852 |
_aES-MaACL _jC-45340 _bR.83469 |
||
| 999 |
_c61504 _d61504 |
||